|
|
|
|
| LEADER |
00000nam a2900000 4500 |
| 001 |
000049331 |
| 005 |
20061219222900.0 |
| 008 |
972504s1954 000 spa d |
| 050 |
|
4 |
|a AC75 O2
|b n.18
|
| 090 |
|
|
|a AC75 O2
|b n.18
|
| 100 |
1 |
|
|a Las Cases, Emmanuel Comte de,
|d 1766-1842
|
| 245 |
1 |
|
|a Memorial de Santa Elena /
|c Trad. Juan G. de Luaces
|
| 260 |
|
|
|a Barcelona :
|b Iberia,
|c 1954
|
| 300 |
|
|
|a 3 v.
|
| 440 |
|
0 |
|a Obras Maestras ;
|v 18
|
| 650 |
|
4 |
|a Napoleón I, Emperador de Francia 1769-1821
|
| 700 |
1 |
|
|a Trad. Juan G. de Luaces
|
| 905 |
|
|
|a LIBROS
|
| 949 |
|
|
|a Biblioteca UAM Iztapalapa
|b Colección General
|c AC75 O2 n.18
|